000 00709nam a2200229 i 4500
001 bg
245 0 0 _aEkonomia rozwoju /
_cred. nauk. Ryszard Piasecki.
260 _aWarszawa :
_bPolskie Wydawnictwo Ekonomiczne,
_c2007.
300 _a272 s.
504 _aBibliogr. przy rozdz.
650 9 _aKraje rozwijające się
_xgospodarka
655 _aPodręczniki akademickie
700 1 _aPIASECKI, Ryszard.
_eRed.
020 _a8320816645
040 _cBPK
041 0 _apol
080 _a339.9(1-773)(075.8)
920 _a83-208-1664-5
942 _cKS
008 s pl f |000 0 pol
999 _c52237
_d52237
856 _uhttp://koha.tu.koszalin.pl/cgi-bin/koha/opac-detail.pl?biblionumber=52237
_yKatalog online BPK